UBT Library

ENCYCLOPEDIA OF MODERN ASIA (Record no. 59627)

000 -LEADER
fixed length control field 00336nam a22001457a 4500
008 - FIXED-LENGTH DATA ELEMENTS--GENERAL INFORMATION
fixed length control field 230427b ||||| |||| 00| 0 eng d
020 ## - INTERNATIONAL STANDARD BOOK NUMBER
International Standard Book Number 9780684312446
041 ## - LANGUAGE CODE
Language code of text/sound track or separate title eng
080 ## - UNIVERSAL DECIMAL CLASSIFICATION NUMBER
Edition identifier VOLUME 3
Universal Decimal Classification number 030
082 ## - DEWEY DECIMAL CLASSIFICATION NUMBER
Classification number 030CHI
100 ## - Rafti
Rafti 44
101 ## - Shkurtesa
Shkurtesa ENCIKO
245 ## - TITLE STATEMENT
Title ENCYCLOPEDIA OF MODERN ASIA
Statement of responsibility, etc CHRISTENSEN.K
942 ## - ADDED ENTRY ELEMENTS (KOHA)
Source of classification or shelving scheme
Item type Books
Holdings
Withdrawn status Lost status Source of classification or shelving scheme Damaged status Not for loan Collection code Permanent location Current location Date acquired Total Checkouts Full call number Barcode Date last seen Price effective from Koha item type
          Koleksioni i përgjithshem UBT - Lipjan UBT - Lipjan 04/27/2023   030CHI 002-80008010 04/27/2023 04/27/2023 Books
          Koleksioni i përgjithshem UBT - Lipjan UBT - Lipjan 04/27/2023   030CHI 002-80008011 04/27/2023 04/27/2023 Books
          Koleksioni i përgjithshem UBT - Lipjan UBT - Lipjan 04/27/2023   030CHI 002-80008012 04/27/2023 04/27/2023 Books
          Koleksioni i përgjithshem UBT - Lipjan UBT - Lipjan 04/27/2023   030CHI 002-80008013 04/27/2023 04/27/2023 Books
          Koleksioni i përgjithshem UBT - Lipjan UBT - Lipjan 04/27/2023   030CHI 002-80008014 04/27/2023 04/27/2023 Books
          Koleksioni i përgjithshem UBT - Lipjan UBT - Lipjan 04/27/2023   030CHI 002-80008015 04/27/2023 04/27/2023 Books
UBT Library © 2015-2024. All rights reserved University Education for Business and Technology